Every Major City in Saudi Arabia - Statistics

General Stats
  • This quiz has been taken 18 times
  • The average score is 6 of 9
Answer Stats
Answer % Correct
Mecca
100%
Riyadh
100%
Jeddah
94%
Medina
88%
Dammam
71%
Tabuk
35%
Hofuf
29%
Taif
29%
Buraydah
24%
No matching quizzes found
Score Distribution
Percent of People with Each Score
Percentile by Number Answered
Your Score History
You have not taken this quiz